000 00479nam a2200181Ia 4500
005 20250508152440.0
008 008 250505s9999 xx 000 0 eng d
037 _aTextual
040 _aFEDL
_beng
_cFEDL
041 _aeng
_2eng
084 _a552.1, SHA
_qFEDL
100 _aShand S J
_9757415
245 0 _aStudyof rocks
260 _aLondon, UK
_bThomas Murby and Co
_c1951
300 _axi,236p.
942 _cTEXL
_h552.1, SHA
999 _c1336489
_d1336489